Nghiên cứu triết học cơ bản
Sách bao gồm 20 chương được chia làm 2 phần. Phần 1:Tìm hiểu tồn hữu và hư vô. Phần 2: Tìm hiểu căn bản siêu việt của vạn hữu.
Tallennettuna:
| Päätekijä: | |
|---|---|
| Aineistotyyppi: | Kirja |
| Kieli: | Undetermined |
| Julkaistu: |
Hà Nội
Tri thức
2007
|
| Aiheet: | |
| Tagit: |
Lisää tagi
Ei tageja, Lisää ensimmäinen tagi!
|
| Thư viện lưu trữ: | Trung tâm Học liệu Trường Đại học Cần Thơ |
|---|
| LEADER | 00843nam a2200205Ia 4500 | ||
|---|---|---|---|
| 001 | CTU_129115 | ||
| 008 | 210402s9999 xx 000 0 und d | ||
| 020 | |c 70000 | ||
| 082 | |a 101 | ||
| 082 | |b A107 | ||
| 100 | |a Lý, Chấn Anh | ||
| 245 | 0 | |a Nghiên cứu triết học cơ bản | |
| 245 | 0 | |c Lý Chấn Anh ; Nguyễn Tài Thư dịch ; Trần Văn Đoàn giới thiệu | |
| 260 | |a Hà Nội | ||
| 260 | |b Tri thức | ||
| 260 | |c 2007 | ||
| 520 | |a Sách bao gồm 20 chương được chia làm 2 phần. Phần 1:Tìm hiểu tồn hữu và hư vô. Phần 2: Tìm hiểu căn bản siêu việt của vạn hữu. | ||
| 650 | |a Categories ( Philosophy ),Phạm trù triết học | ||
| 904 | |i Giang | ||
| 980 | |a Trung tâm Học liệu Trường Đại học Cần Thơ | ||